पत्ते ही पत्ते / (Record no. 54634)
[ view plain ]
| 000 -LEADER | |
|---|---|
| fixed length control field | 02235nam a22003137a 4500 |
| 005 - DATE AND TIME OF LATEST TRANSACTION | |
| control field | 20110801154550.0 |
| 010 ## - LCCN (DPL NO) | |
| LC control number | B-435753-757 |
| 020 ## - INTERNATIONAL STANDARD BOOK NUMBER | |
| Terms of availability | 20.00 |
| International Standard Book Number | 8182634431 |
| 035 ## - SYSTEM CONTROL NUMBER | |
| System control number | B-435753-757 |
| 037 ## - SOURCE OF ACQUISITION | |
| Source of stock number/acquisition | ब्लयूबेरी बुक्स |
| 082 ## - DEWEY DECIMAL CLASSIFICATION NUMBER | |
| Classification number | क |
| 100 ## - MAIN ENTRY--PERSONAL NAME | |
| Personal name | शयामला, एस. |
| 245 ## - TITLE STATEMENT | |
| Title | पत्ते ही पत्ते / |
| Statement of responsibility, etc | एस.शयामला; मनिष चव्हाण द्वारा चित्रांकित ; अजरा यास्मीन डांगे द्वारा अनुदित |
| 246 ## - VARYING FORM OF TITLE | |
| Title proper/short title | Patte hi patte |
| Remainder of title | by S. Shyamala |
| 260 ## - PUBLICATION, DISTRIBUTION, ETC. (IMPRINT) | |
| Place of publication, distribution, etc | नई दिल्ली |
| Name of publisher, distributor, etc | प्रथम बुक्स |
| Date of publication, distribution, etc | 2006 |
| 270 ## - ADDRESS | |
| Address | 3-6-752 ,हिमायत नगर, |
| City | हैदराबाद |
| Postal code | 500029 |
| Telephone number | |
| Fax number | |
| Electronic mail address | |
| 300 ## - PHYSICAL DESCRIPTION | |
| Extent | 16पृ.; |
| Dimensions | 17x17सेमी (अजिल्द) |
| Other physical details | सचित्र |
| 490 ## - SERIES STATEMENT | |
| Series statement | |
| -- | 31326 |
| 500 ## - GENERAL NOTE | |
| General note | |
| 700 ## - ADDED ENTRY--PERSONAL NAME | |
| Personal name | मनिष चव्हाण |
| 9 (RLIN) | 30654 |
| 700 ## - ADDED ENTRY--PERSONAL NAME | |
| Personal name | डांगे , अजरा यास्मीन |
| 9 (RLIN) | 30679 |
| 942 ## - ADDED ENTRY ELEMENTS (KOHA) | |
| Source of classification or shelving scheme | Dewey Decimal Classification |
| Item type | Children Books |
| Call number suffix | शयाम |
| Classification part | क |
| Withdrawn status | Lost status | Not for loan | Collection code | Home library | Current library | Date acquired | Source of acquisition | Cost, normal purchase price | Full call number | Barcode | Copy number | Cost, replacement price | Koha item type |
|---|---|---|---|---|---|---|---|---|---|---|---|---|---|
| Fiction | Bawana | Bawana | 04/08/2011 | ब्लयूबेरी /6364/25.3.2011/83/21.3.11/31.3.11 | 20.00 | क शयाम | B-435755 | 1 | 20.00 | Children Books | |||
| Written-off vide DLB M. No. 383 dt 16.05.19 | Fiction | Central Library | Central Library | 04/08/2011 | ब्लयूबेरी /6364/25.3.2011/83/21.3.11/31.3.11 | 20.00 | क शयाम | B-435753 | 1 | 20.00 | Children Books | ||
| Written-off vide DLB M. No. 383 dt 16.05.19 | Fiction | Karol Bagh | Karol Bagh | 04/08/2011 | ब्लयूबेरी /6364/25.3.2011/83/21.3.11/31.3.11 | 20.00 | क शयाम | B-435756 | 1 | 20.00 | Children Books | ||
| Fiction | Patel Nagar | Patel Nagar | 04/08/2011 | ब्लयूबेरी /6364/25.3.2011/83/21.3.11/31.3.11 | 20.00 | क शयाम | B-435754 | 1 | 20.00 | Children Books | |||
| Written-off vide DLB M. No. 383 dt 16.05.19 | Fiction | Shahdara Branch | Shahdara Branch | 04/08/2011 | ब्लयूबेरी /6364/25.3.2011/83/21.3.11/31.3.11 | 20.00 | क शयाम | B-435757 | 1 | 20.00 | Children Books |
